Loading...
| Fine Arts - Visual | 0 | 4 | 0 | 0 | 40 | 74 | 100.50 | 1 | 4 | 11.54 | 27.50 |
| Mythology | 1 | 3 | 1 | 1 | 40 | 62 | 97.25 | 2 | 4 | 13.00 | 36.11 |
| History - Other | 1 | 2 | 1 | 1 | 30 | 56 | 93.00 | 2 | 2 | 10.64 | 22.22 |
| Literature - European | 1 | 1 | 0 | 0 | 25 | 70 | 82.50 | 1 | 2 | 7.96 | 17.50 |
| Philosophy | 0 | 3 | 1 | 0 | 25 | 108 | 119.33 | 1 | 3 | 4.42 | 20.00 |
| Social Science | 0 | 2 | 0 | 1 | 20 | 105 | 112.50 | 0 | 1 | 2.56 | 8.33 |
| Fine Arts - Other | 0 | 2 | 0 | 0 | 20 | 111 | 122.00 | 0 | 1 | 2.87 | 7.50 |
| Science - Other | 0 | 2 | 0 | 0 | 20 | 94 | 98.00 | 0 | 2 | 4.35 | 15.00 |
| Literature - American | 0 | 2 | 1 | 0 | 15 | 136 | 138.50 | 0 | 0 | 0.14 | 5.00 |
| History - European | 0 | 2 | 1 | 0 | 15 | 76 | 82.50 | 2 | 2 | 8.18 | 17.50 |
| Literature - World | 0 | 1 | 0 | 0 | 10 | 128 | 128.00 | 0 | 1 | 1.85 | 5.00 |
| Literature - British | 0 | 1 | 0 | 1 | 10 | 136 | 136.00 | 0 | 1 | 0.07 | 2.50 |
| Pop Culture | 0 | 1 | 0 | 0 | 10 | 99 | 99.00 | 1 | 1 | 9.07 | 33.33 |
| History - World | 0 | 1 | 0 | 0 | 10 | 141 | 141.00 | 0 | 1 | 0.06 | 2.27 |
| Religion | 1 | 0 | 1 | 0 | 10 | 57 | 57.00 | 1 | 1 | 6.62 | 11.11 |
| Fine Arts - Auditory | 0 | 0 | 0 | 0 | 0 | 0.00 | 0 | 0 | 0.00 | 0.00 | |
| Popular Culture | 0 | 0 | 0 | 0 | 0 | 0.00 | 0 | 0 | 0.00 | 0.00 | |
| History - American | 0 | 0 | 1 | 0 | -5 | 0.00 | 0 | 0 | 0.00 | 0.00 |